[Event "Naleczow International"]
[Site "Naleczow"]
[Date "1979.07.27"]
[Round "14"]
[White "Zeitlein, Michael"]
[Black "Kuligowski, Adam"]
[Result "1-0"]
[WhiteElo "2505"]
[BlackElo "2495"]
[PlyCount "101"]
[EventDate "1979.07.13"]
[EventType "tourn"]
[EventRounds "17"]
[EventCountry "POL"]
[EventCategory "7"]
[SourceTitle "MCD"]
[Source "ChessBase"]
[SourceDate "1999.07.01"]
[SourceVersion "1"]
[SourceVersionDate "1999.07.01"]
[SourceQuality "1"]

1. d4 Nf6 2. Nf3 e6 3. c4 b6 4. a3 Bb7 5. Nc3 Ne4 6. Nxe4 Bxe4 7. Nd2 Bb7 8. e4
d5 9. cxd5 exd5 10. e5 c5 11. Nf3 Be7 12. Bb5+ Bc6 13. Bd3 a5 14. e6 O-O 15.
Qc2 h6 16. Bh7+ Kh8 17. Ne5 Be8 18. exf7 Bxf7 19. O-O Be8 20. Be3 Nc6 21. Rad1
Nxd4 22. Bxd4 cxd4 23. Ng6+ Bxg6 24. Bxg6 Bc5 25. Bd3 Qd6 26. Rde1 Rae8 27. Re2
Rxe2 28. Qxe2 Qe7 29. Qh5 Qe6 30. g3 g5 31. Kg2 Rf6 32. Rc1 Kg7 33. Rc2 Qf7 34.
Qg4 Qe6 35. Qd1 Qe7 36. h4 gxh4 37. Qg4+ Kh8 38. b4 axb4 39. axb4 Bxb4 40. Rc8+
Rf8 41. Rc6 Bd6 42. Qg6 Bf4 43. Re6 Qd7 44. Qg4 Rf6 45. Bf5 Qf7 46. gxf4 b5 47.
Rxf6 Qxf6 48. Bd3 b4 49. Qd7 Qg7+ 50. Qxg7+ Kxg7 51. Kh3 1-0

[Event "Naleczow International"]
[Site "Naleczow"]
[Date "1979.07.28"]
[Round "15"]
[White "Fedorowicz, John P"]
[Black "Zeitlein, Michael"]
[Result "0-1"]
[WhiteElo "2405"]
[BlackElo "2505"]
[PlyCount "102"]
[EventDate "1979.07.13"]
[EventType "tourn"]
[EventRounds "17"]
[EventCountry "POL"]
[EventCategory "7"]
[SourceTitle "MCD"]
[Source "ChessBase"]
[SourceDate "1999.07.01"]
[SourceVersion "1"]
[SourceVersionDate "1999.07.01"]
[SourceQuality "1"]

1. c4 Nf6 2. Nc3 g6 3. Nf3 Bg7 4. g3 d6 5. Bg2 O-O 6. O-O e5 7. d3 Nh5 8. Rb1
f5 9. Nd2 f4 10. b4 Kh8 11. b5 Nd7 12. a4 g5 13. a5 Rb8 14. Ba3 Nhf6 15. b6
axb6 16. axb6 Nxb6 17. c5 dxc5 18. Bxc5 Re8 19. Bxb6 cxb6 20. Nc4 Bf5 21. Rxb6
e4 22. dxe4 Qc7 23. exf5 Qxc4 24. Qd3 Qxd3 25. exd3 Nd7 26. Rd6 Bxc3 27. Rxd7
b5 28. Bd5 Red8 29. Rxd8+ Rxd8 30. Be4 b4 31. Rb1 Kg7 32. Kf1 Kf6 33. Ke2 Ke5
34. Kd1 Rd6 35. Ke2 g4 36. gxf4+ Kxf4 37. f6 Rxf6 38. Bxh7 Rh6 39. Be4 Rxh2 40.
Kf1 g3 41. Bg2 Rh6 42. Be4 Rh2 43. Bg2 Kg4 44. Rc1 gxf2 45. Kxf2 Bd4+ 46. Kf1
Kg3 47. Rc8 b3 48. Rg8+ Kf4 49. Rb8 b2 50. Bd5 Rh8 51. Rb4 Ke3 0-1

[Event "Leningrad Zenit"]
[Site "Leningrad"]
[Date "1980.??.??"]
[Round "?"]
[White "Yudasin, Leonid"]
[Black "Zeitlein, Michael"]
[Result "0-1"]
[WhiteElo "2340"]
[BlackElo "2500"]
[PlyCount "103"]
[EventDate "1980.??.??"]
[EventType "swiss"]
[EventRounds "13"]
[EventCountry "URS"]
[SourceTitle "EXT 2004"]
[Source "ChessBase"]
[SourceDate "2003.11.25"]
[SourceVersion "1"]
[SourceVersionDate "2003.11.25"]
[SourceQuality "1"]

1. e4 c5 2. g3 Nc6 3. Bg2 g6 4. Ne2 Bg7 5. c3 e5 6. d3 Nf6 7. f4 d6 8. O-O O-O
9. h3 Re8 10. g4 d5 11. f5 c4 12. dxc4 Qb6+ 13. Kh2 dxc4 14. Ng3 Qc7 15. Qe2 b5
16. Be3 gxf5 17. Nxf5 Bxf5 18. gxf5 Kh8 19. a4 a6 20. Na3 Rab8 21. axb5 axb5
22. Qf2 Nh5 23. Qh4 Nf4 24. f6 Bf8 25. Bf3 Ng6 26. Qh5 b4 27. Nc2 bxc3 28. bxc3
Rb3 29. Bh6 Rb2 30. Rf2 Nd4 31. cxd4 exd4+ 32. Kg1 Re5 33. Bxf8 Rxh5 34. Bg7+
Kg8 35. Bxh5 d3 36. Ne1 Qg3+ 37. Rg2 Qe3+ 38. Kh2 Rb8 39. Nf3 c3 40. e5 c2 41.
e6 Qf4+ 42. Rg3 c1=Q 43. Rxc1 Rb2+ 44. Kh1 Qxc1+ 45. Rg1 Qc6 46. e7 Rb5 47. Re1
Re5 48. Rxe5 Nxe5 49. Kh2 Nc4 50. Bh6 Nd6 51. Bf4 Qc2+ 52. Nd2 0-1

[Event "URS"]
[Site "Soviet Union"]
[Date "1980.??.??"]
[Round "?"]
[White "Zeitlein, Michael"]
[Black "Yermolinsky, Alex"]
[Result "1-0"]
[WhiteElo "2500"]
[BlackElo "2450"]
[PlyCount "71"]
[EventDate "1980.??.??"]
[EventType "game"]
[EventRounds "9"]
[EventCountry "URS"]
[SourceTitle "EXT 2010"]
[Source "ChessBase"]
[SourceDate "2010.11.25"]
[SourceVersion "1"]
[SourceVersionDate "2010.11.25"]
[SourceQuality "1"]

1. e4 c5 2. Nf3 d6 3. d4 cxd4 4. Nxd4 Nf6 5. Nc3 Nc6 6. Bg5 e6 7. Qd2 a6 8.
O-O-O Bd7 9. f4 b5 10. Nxc6 Bxc6 11. Bd3 Be7 12. e5 dxe5 13. fxe5 Nd7 14. Bxe7
Qxe7 15. Be4 Qc5 16. Rhe1 Ra7 17. b4 Qb6 18. Qg5 O-O 19. Rd6 Qf2 20. Re2 Qg1+
21. Rd1 Qb6 22. Qh4 Bxe4 23. Nxe4 Nxe5 24. Ng5 h6 25. Rxe5 hxg5 26. Rxg5 Qe3+
27. Kb1 Qe2 28. Re1 Qd2 29. Rh5 g6 30. Rh8+ Kg7 31. Rh7+ Kg8 32. Rf1 Qc3 33.
Rf3 Qe5 34. Rh3 Raa8 35. Rh8+ Kg7 36. Rxf8 1-0

[Event "Lodz Makarczyk Memorial-03"]
[Site "Lodz"]
[Date "1980.??.??"]
[Round "5"]
[White "Raaste, Eero J"]
[Black "Zeitlein, Michael"]
[Result "0-1"]
[WhiteElo "2420"]
[BlackElo "2500"]
[PlyCount "80"]
[EventDate "1980.04.??"]
[EventType "tourn"]
[EventRounds "15"]
[EventCountry "POL"]
[EventCategory "8"]
[SourceTitle "MCD"]
[Source "ChessBase"]
[SourceDate "1999.07.01"]
[SourceVersion "1"]
[SourceVersionDate "1999.07.01"]
[SourceQuality "1"]

1. e4 c6 2. d4 d5 3. Nd2 dxe4 4. Nxe4 Nf6 5. Nxf6+ gxf6 6. Nf3 Bf5 7. Bd3 Bxd3
8. Qxd3 Qc7 9. Be3 e6 10. O-O-O Nd7 11. Kb1 O-O-O 12. c4 Kb8 13. Qc2 h5 14. g3
Bh6 15. Rhe1 Nb6 16. b3 Nc8 17. Qc1 Bxe3 18. fxe3 Nd6 19. e4 f5 20. exf5 Nxf5
21. d5 cxd5 22. cxd5 Rxd5 23. Rxd5 exd5 24. Qxc7+ Kxc7 25. Re5 Nd6 26. Rxd5 f6
27. Nd4 h4 28. Nf5 hxg3 29. hxg3 Rh1+ 30. Kc2 Ne4 31. b4 Rh2+ 32. Kb3 Rxa2 33.
Nd6 Rd2 34. Ne8+ Kc6 35. Rxd2 Nxd2+ 36. Kc3 Ne4+ 37. Kd4 Kd7 38. Kxe4 Kxe8 39.
Kd5 Ke7 40. b5 Kd7 0-1

[Event "Lodz Makarczyk Memorial-03"]
[Site "Lodz"]
[Date "1980.??.??"]
[Round "8"]
[White "Zeitlein, Michael"]
[Black "Rogulj, Branko"]
[Result "1-0"]
[WhiteElo "2500"]
[BlackElo "2460"]
[PlyCount "65"]
[EventDate "1980.04.??"]
[EventType "tourn"]
[EventRounds "15"]
[EventCountry "POL"]
[EventCategory "8"]
[SourceTitle "MCD"]
[Source "ChessBase"]
[SourceDate "1999.07.01"]
[SourceVersion "1"]
[SourceVersionDate "1999.07.01"]
[SourceQuality "1"]

1. d4 Nf6 2. Nf3 e6 3. Bg5 c5 4. e3 d5 5. Nbd2 Nc6 6. c3 Bd6 7. Bd3 h6 8. Bh4
O-O 9. O-O e5 10. e4 exd4 11. exd5 dxc3 12. Ne4 cxb2 13. Nxf6+ gxf6 14. Qd2 Kg7
15. Rae1 Nb4 16. Bb1 Nxd5 17. Ne5 Be6 18. Qd3 Rh8 19. f4 c4 20. Nxc4 Bc5+ 21.
Kh1 Nc7 22. Qg3+ Kf8 23. Rd1 Qe7 24. Qc3 Ne8 25. Ne5 Rc8 26. Qxb2 Ba3 27. Qe2
Rc7 28. Qf3 Bb4 29. f5 Bc8 30. Nd3 Rc3 31. Be1 a5 32. Bxc3 Bxc3 33. Rc1 1-0

[Event "Lodz Makarczyk Memorial-03"]
[Site "Lodz"]
[Date "1980.??.??"]
[Round "10"]
[White "Zeitlein, Michael"]
[Black "Lukacs, Peter"]
[Result "1-0"]
[WhiteElo "2500"]
[BlackElo "2405"]
[PlyCount "115"]
[EventDate "1980.04.??"]
[EventType "tourn"]
[EventRounds "15"]
[EventCountry "POL"]
[EventCategory "8"]
[SourceTitle "MCD"]
[Source "ChessBase"]
[SourceDate "1999.07.01"]
[SourceVersion "1"]
[SourceVersionDate "1999.07.01"]
[SourceQuality "1"]

1. e4 e5 2. Nc3 Nc6 3. g3 Nf6 4. Bg2 Bc5 5. Nge2 d6 6. Na4 Bg4 7. h3 Be6 8. d3
Bb6 9. Nxb6 axb6 10. c4 Nd7 11. a3 f5 12. Nc3 O-O 13. Nd5 b5 14. exf5 Bxf5 15.
cxb5 Nd4 16. b4 Nxb5 17. Bb2 c6 18. Ne3 Be6 19. O-O Nb6 20. a4 Nd4 21. a5 Nd7
22. Nc4 Qc7 23. Rc1 d5 24. Ne3 Nf5 25. Nxd5 Qd6 26. Nb6 Nxb6 27. axb6 Qxb4 28.
Bxe5 Qxb6 29. Rb1 Qc5 30. d4 Qe7 31. Qd2 Rad8 32. Qb2 Rd7 33. Rfe1 Re8 34. Qc3
Qf7 35. Rb2 Bd5 36. Bf1 h6 37. Reb1 Be4 38. Bc4 Bd5 39. Bxd5 cxd5 40. Rb6 Kh7
41. Qd3 Kg8 42. g4 Nh4 43. f4 Qe7 44. f5 Qg5 45. Rf1 Rc8 46. Kh2 Rf7 47. Bf4
Qd8 48. Rfb1 Rc4 49. Kg3 g5 50. Be5 Rfc7 51. Rxh6 Rc3 52. Rh8+ Kf7 53. Rh7+ Kg8
54. Rh8+ Kf7 55. Qxc3 Rxc3+ 56. Kf2 Rc2+ 57. Kf1 Qxh8 58. Rxb7+ 1-0

[Event "Lodz Makarczyk Memorial-03"]
[Site "Lodz"]
[Date "1980.??.??"]
[Round "13"]
[White "Kojder, Konrad"]
[Black "Zeitlein, Michael"]
[Result "0-1"]
[WhiteElo "2430"]
[BlackElo "2500"]
[PlyCount "96"]
[EventDate "1980.04.??"]
[EventType "tourn"]
[EventRounds "15"]
[EventCountry "POL"]
[EventCategory "8"]
[SourceTitle "MCD"]
[Source "ChessBase"]
[SourceDate "1999.07.01"]
[SourceVersion "1"]
[SourceVersionDate "1999.07.01"]
[SourceQuality "1"]

1. d4 f5 2. Nf3 Nf6 3. c4 g6 4. g3 Bg7 5. Bg2 d6 6. Nc3 O-O 7. d5 c5 8. Nd2 e5
9. dxe6 Nc6 10. Nd5 Bxe6 11. O-O Kh8 12. Rb1 Rb8 13. a3 Bxd5 14. cxd5 Ne7 15.
e4 fxe4 16. Nxe4 Nxe4 17. Bxe4 Nf5 18. Bd2 b5 19. Bc3 a5 20. Qd2 Nd4 21. Bxd4
Bxd4 22. Kg2 b4 23. axb4 Rxb4 24. b3 Qf6 25. Qc2 Qxf2+ 26. Rxf2 Rxf2+ 27. Qxf2
Bxf2 28. Kxf2 Rxe4 29. Ra1 Rd4 30. Rxa5 Rxd5 31. b4 Rf5+ 32. Ke3 Re5+ 33. Kf3
cxb4 34. Ra8+ Kg7 35. Rb8 Kf6 36. Rxb4 h5 37. h4 d5 38. Rb8 Re6 39. Rb1 Ke5 40.
Ke3 Ra6 41. Rb3 Ra4 42. Kf3 Rg4 43. Rb8 Kd4 44. Rc8 Kd3 45. Rc5 d4 46. Rc6 Kd2
47. Rc4 d3 48. Rc6 Kd1 0-1

[Event "URS Lokomotiv CC-ch"]
[Site "Kuibyshev"]
[Date "1981.??.??"]
[Round "?"]
[White "Riabchonok, E."]
[Black "Zeitlein, Michael"]
[Result "0-1"]
[WhiteElo "2420"]
[BlackElo "2505"]
[PlyCount "60"]
[EventDate "1981.02.24"]
[EventType "tourn"]
[EventRounds "15"]
[EventCountry "URS"]
[SourceTitle "EXT 2002"]
[Source "ChessBase"]
[SourceDate "2001.11.25"]
[SourceVersion "1"]
[SourceVersionDate "2001.11.25"]
[SourceQuality "1"]

1. e4 e5 2. Nf3 Nc6 3. Bb5 f5 4. Bxc6 dxc6 5. Nc3 fxe4 6. Nxe4 Nf6 7. Qe2 Bg4
8. h3 Bh5 9. Ng3 Bxf3 10. Qxf3 Qd5 11. Ke2 e4 12. Qf5 Bd6 13. Qxd5 cxd5 14. Nf5
O-O-O 15. d4 exd3+ 16. Kxd3 Ne4 17. Be3 Bc5 18. f3 Nf2+ 19. Bxf2 Bxf2 20. Nxg7
Rdg8 21. Nf5 Rxg2 22. Ne7+ Kb8 23. Nxd5 Rd8 24. Kc4 b5+ 25. Kxb5 Rxd5+ 26. Kc4
Rd2 27. Rac1 Bb6 28. Kb3 Rgf2 29. Rhf1 Rxc2 30. Rxf2 Rxf2 0-1

[Event "Pernik Benderev Memorial-07"]
[Site "Pernik"]
[Date "1981.06.??"]
[Round "1"]
[White "Zeitlein, Michael"]
[Black "Velikov, Petar"]
[Result "1-0"]
[WhiteElo "2505"]
[BlackElo "2445"]
[PlyCount "75"]
[EventDate "1981.06.??"]
[EventType "tourn"]
[EventRounds "13"]
[EventCountry "BUL"]
[EventCategory "8"]
[SourceTitle "MCD"]
[Source "ChessBase"]
[SourceDate "1999.07.01"]
[SourceVersion "1"]
[SourceVersionDate "1999.07.01"]
[SourceQuality "1"]

1. e4 c5 2. c3 Nf6 3. e5 Nd5 4. d4 cxd4 5. Nf3 Nc6 6. Bc4 Nb6 7. Bb3 d5 8. exd6
Qxd6 9. O-O Bf5 10. Nxd4 Nxd4 11. cxd4 e6 12. Nc3 Be7 13. Qf3 O-O 14. d5 Qd7
15. dxe6 Bxe6 16. Rd1 Qc8 17. Bxe6 fxe6 18. Qe4 Bf6 19. Be3 Bxc3 20. bxc3 Nd5
21. Bd4 Rf7 22. Rd3 Ne7 23. Rh3 Ng6 24. Re1 Qc4 25. Rf3 e5 26. Rxf7 Qxf7 27.
Be3 Rc8 28. Rd1 Rxc3 29. Rd8+ Nf8 30. Qxe5 Qc7 31. Qd5+ Qf7 32. Qd6 b6 33. h3
h6 34. a4 Rc4 35. a5 Qf5 36. axb6 axb6 37. Qxb6 Rc8 38. g4 1-0

[Event "Pernik Benderev Memorial-07"]
[Site "Pernik"]
[Date "1981.06.??"]
[Round "5"]
[White "Inkiov, Ventzislav"]
[Black "Zeitlein, Michael"]
[Result "0-1"]
[WhiteElo "2445"]
[BlackElo "2505"]
[PlyCount "122"]
[EventDate "1981.06.??"]
[EventType "tourn"]
[EventRounds "13"]
[EventCountry "BUL"]
[EventCategory "8"]
[SourceTitle "MCD"]
[Source "ChessBase"]
[SourceDate "1999.07.01"]
[SourceVersion "1"]
[SourceVersionDate "1999.07.01"]
[SourceQuality "1"]

1. d4 d5 2. Nf3 Nf6 3. g3 Bf5 4. Bg2 e6 5. O-O c6 6. c4 Nbd7 7. cxd5 cxd5 8.
Bf4 Be7 9. Nc3 O-O 10. Qb3 Qb6 11. Qxb6 Nxb6 12. Rac1 Rfc8 13. Nb5 Ne8 14. Ne5
g5 15. Bd2 f6 16. g4 Be4 17. f3 fxe5 18. fxe4 Nc4 19. Rc2 a6 20. Na3 exd4 21.
exd5 Nxd2 22. Rxd2 e5 23. Nc2 Nd6 24. b3 Bd8 25. Ne1 Ba5 26. Rd1 Bxe1 27. Rdxe1
Kg7 28. Rf2 Rf8 29. e3 d3 30. Rxf8 Rxf8 31. e4 Rc8 32. Rd1 Rc3 33. Rd2 a5 34.
Kf2 a4 35. Ke3 axb3 36. axb3 Rxb3 37. Rxd3 Rb2 38. Kf3 Rc2 39. h3 Kf6 40. Rb3
Ke7 41. Bf1 Ra2 42. Bd3 Kd8 43. Rb6 Kc7 44. Rb3 h6 45. Bf1 Ra4 46. Bd3 Rd4 47.
Ke3 b5 48. Rc3+ Kd7 49. Ra3 Rxe4+ 50. Bxe4 Nc4+ 51. Kd3 Nxa3 52. Kc3 Kd6 53.
Kb4 Nc4 54. Kxb5 Ne3 55. Kb4 Nxd5+ 56. Kc4 Nf4 57. Bf5 Nxh3 58. Kd3 Nf4+ 59.
Ke4 Ne6 60. Bh7 Nc5+ 61. Kf5 Kd5 0-1

[Event "Pernik Benderev Memorial-07"]
[Site "Pernik"]
[Date "1981.06.??"]
[Round "6"]
[White "Zeitlein, Michael"]
[Black "Szekely, Peter"]
[Result "1-0"]
[WhiteElo "2505"]
[BlackElo "2425"]
[PlyCount "80"]
[EventDate "1981.06.??"]
[EventType "tourn"]
[EventRounds "13"]
[EventCountry "BUL"]
[EventCategory "8"]
[SourceTitle "MCD"]
[Source "ChessBase"]
[SourceDate "1999.07.01"]
[SourceVersion "1"]
[SourceVersionDate "1999.07.01"]
[SourceQuality "1"]

1. d4 Nf6 2. Nf3 g6 3. c4 Bg7 4. Nc3 O-O 5. e4 d6 6. h3 c5 7. d5 e6 8. Bd3 exd5
9. exd5 Re8+ 10. Be3 Bh6 11. O-O Bxe3 12. fxe3 Nbd7 13. e4 Rf8 14. Qd2 Ne8 15.
a3 f6 16. Kh1 Qe7 17. b4 b6 18. Be2 Ba6 19. b5 Bc8 20. a4 a5 21. bxa6 Rxa6 22.
Nb5 Ne5 23. Nxe5 fxe5 24. Qh6 Rxf1+ 25. Rxf1 Bd7 26. Nc3 Ra8 27. Rb1 Qd8 28.
Bd1 Nf6 29. Rb2 Kh8 30. h4 Bg4 31. Bxg4 Nxg4 32. Qg5 Qd7 33. Rxb6 Rf8 34. Kg1
Kg7 35. h5 Rf6 36. Nb5 h6 37. Qh4 Ne3 38. Qxf6+ Kxf6 39. Rxd6+ Qxd6 40. Nxd6
Ke7 1-0

[Event "Pernik Benderev Memorial-07"]
[Site "Pernik"]
[Date "1981.06.??"]
[Round "10"]
[White "Zeitlein, Michael"]
[Black "Chevaldonnet, Francois"]
[Result "1-0"]
[WhiteElo "2505"]
[BlackElo "2305"]
[PlyCount "61"]
[EventDate "1981.06.??"]
[EventType "tourn"]
[EventRounds "13"]
[EventCountry "BUL"]
[EventCategory "8"]
[SourceTitle "MCD"]
[Source "ChessBase"]
[SourceDate "1999.07.01"]
[SourceVersion "1"]
[SourceVersionDate "1999.07.01"]
[SourceQuality "1"]

1. d4 Nf6 2. Nf3 g6 3. c4 Bg7 4. Nc3 O-O 5. e4 d6 6. h3 c5 7. d5 e6 8. Bd3 exd5
9. exd5 Re8+ 10. Kf1 Na6 11. Bf4 Nc7 12. a4 b6 13. g4 Qe7 14. Qd2 Rb8 15. Kg2
a6 16. Bg3 Bb7 17. Qf4 Red8 18. Bh4 Nce8 19. Ne4 Rd7 20. Rhe1 Qd8 21. Re2 h6
22. Nxf6+ Nxf6 23. Rae1 b5 24. b3 g5 25. Nxg5 hxg5 26. Bxg5 bxc4 27. bxc4 Kf8
28. Qf5 Rc7 29. a5 Ba8 30. Bc2 Rcb7 31. Ba4 1-0

[Event "Pernik Benderev Memorial-07"]
[Site "Pernik"]
[Date "1981.06.??"]
[Round "11"]
[White "Kelecevic, Nedeljko"]
[Black "Zeitlein, Michael"]
[Result "0-1"]
[WhiteElo "2400"]
[BlackElo "2505"]
[PlyCount "68"]
[EventDate "1981.06.??"]
[EventType "tourn"]
[EventRounds "13"]
[EventCountry "BUL"]
[EventCategory "8"]
[SourceTitle "MCD"]
[Source "ChessBase"]
[SourceDate "1999.07.01"]
[SourceVersion "1"]
[SourceVersionDate "1999.07.01"]
[SourceQuality "1"]

1. d4 Nf6 2. c4 g6 3. Nc3 Bg7 4. Nf3 O-O 5. g3 d6 6. Bg2 Nbd7 7. O-O e5 8. e4
c6 9. h3 Re8 10. Be3 exd4 11. Nxd4 Nc5 12. Qc2 Qe7 13. Rfe1 Bd7 14. f3 a6 15.
Bf2 b5 16. cxb5 axb5 17. a3 Ne6 18. f4 Nxd4 19. Bxd4 c5 20. e5 cxd4 21. Bxa8
Rxa8 22. exf6 Qxf6 23. Nd5 Qd8 24. Qc7 Qxc7 25. Nxc7 Rc8 26. Nd5 Rc2 27. Rab1
d3 28. Nb4 Bd4+ 29. Kh1 Rf2 30. g4 Rxf4 31. Rbd1 h5 32. Nd5 Bc6 33. Rxd3 Bxd5+
34. Kh2 h4 0-1

[Event "Moscow International"]
[Site "Moscow"]
[Date "1982.05.10"]
[Round "2"]
[White "Zeitlein, Michael"]
[Black "Knaak, Rainer"]
[Result "1-0"]
[WhiteElo "2490"]
[BlackElo "2495"]
[PlyCount "105"]
[EventDate "1982.05.09"]
[EventType "tourn"]
[EventRounds "13"]
[EventCountry "URS"]
[EventCategory "10"]
[SourceTitle "MCL"]
[Source "ChessBase"]
[SourceDate "1999.07.01"]
[SourceVersion "1"]
[SourceVersionDate "1999.07.01"]
[SourceQuality "1"]

1. d4 Nf6 2. Nf3 g6 3. c4 d6 4. Nc3 Nbd7 5. e4 e5 6. Be2 Bg7 7. O-O O-O 8. Be3
c6 9. d5 Ng4 10. Bg5 f6 11. Bd2 Qe7 12. b4 f5 13. Ng5 Ndf6 14. h3 Nh6 15. dxc6
bxc6 16. b5 c5 17. a4 Kh8 18. a5 Nhg8 19. Bd3 f4 20. Be2 h6 21. Nf3 g5 22. Nh2
Qf7 23. Be1 Be6 24. Ra4 Rfd8 25. a6 Ne7 26. Ng4 f3 27. Bxf3 Nxg4 28. Bxg4 Bxc4
29. Bh5 Qe6 30. Bg4 Qf7 31. Bh5 Qg8 32. Be2 Bb3 33. Qa1 Bxa4 34. Qxa4 Rab8 35.
Bc4 Qe8 36. Bd2 Qd7 37. Rd1 Rf8 38. Be3 Qc7 39. Qc2 Rbd8 40. Qe2 Rf6 41. Qh5
Rg6 42. Bf7 Rf6 43. Bxg5 Rxf7 44. Qxf7 hxg5 45. b6 Qd7 46. bxa7 Ra8 47. Nd5
Rxa7 48. Nf6 Bxf6 49. Qxf6+ Kg8 50. Rxd6 Qc7 51. Qxg5+ Kf8 52. Qh6+ Kf7 53.
Qh7+ 1-0

[Event "Slavia Hradec Kralove-17 1982/83"]
[Site "Hradec Kralove"]
[Date "1982.12.28"]
[Round "2"]
[White "Zeitlein, Michael"]
[Black "Borkowski, Franciszek"]
[Result "1-0"]
[WhiteElo "2490"]
[BlackElo "2380"]
[PlyCount "121"]
[EventDate "1982.12.27"]
[EventType "tourn"]
[EventRounds "11"]
[EventCountry "CSR"]
[EventCategory "6"]
[SourceTitle "EXT 2006"]
[Source "ChessBase"]
[SourceDate "2005.11.24"]
[SourceVersion "1"]
[SourceVersionDate "2005.11.24"]
[SourceQuality "1"]

1. d4 d5 2. Nf3 Nf6 3. c4 e6 4. Bg5 Be7 5. e3 h6 6. Bh4 O-O 7. Nbd2 Ne4 8. Bxe7
Qxe7 9. Bd3 Nxd2 10. Qxd2 Nd7 11. cxd5 exd5 12. O-O Nf6 13. Rfc1 Re8 14. b4 Ne4
15. Qc2 c6 16. b5 cxb5 17. Bxb5 Bd7 18. Bxd7 Qxd7 19. Qc7 Re7 20. Qxd7 Rxd7 21.
Ne5 Re7 22. Rab1 f6 23. Nd3 Rd8 24. Rc2 Kf7 25. a4 Nd6 26. Nf4 Ne8 27. a5 g5
28. Nd3 Nd6 29. Nb4 Nc4 30. Ra1 Rc7 31. g4 Ke6 32. Rac1 Rh7 33. e4 Nxa5 34.
exd5+ Kd6 35. Re1 Re7 36. Rxe7 Kxe7 37. Ra2 Nb3 38. Rxa7 Rd7 39. Nc2 Rc7 40.
Ra3 Rc3 41. Kg2 Rxc2 42. Rxb3 Rc7 43. Rb6 Rd7 44. Kf3 Kf7 45. Ke4 Ke7 46. h3
Kf7 47. d6 Kg6 48. Kd5 Kf7 49. f3 f5 50. Ke5 fxg4 51. fxg4 Ke8 52. Rb3 Rf7 53.
Ke6 Rg7 54. Rc3 Kd8 55. Rf3 Rg6+ 56. Kd5 h5 57. Rf8+ Kd7 58. Rf7+ Kc8 59. Rc7+
Kd8 60. Rxb7 hxg4 61. hxg4 1-0

[Event "Slavia Hradec Kralove-17 1982/83"]
[Site "Hradec Kralove"]
[Date "1982.12.30"]
[Round "4"]
[White "Schneider, Lars Ake"]
[Black "Zeitlein, Michael"]
[Result "0-1"]
[WhiteElo "2435"]
[BlackElo "2490"]
[PlyCount "62"]
[EventDate "1982.12.27"]
[EventType "tourn"]
[EventRounds "11"]
[EventCountry "CSR"]
[EventCategory "6"]
[SourceTitle "EXT 2006"]
[Source "ChessBase"]
[SourceDate "2005.11.24"]
[SourceVersion "1"]
[SourceVersionDate "2005.11.24"]
[SourceQuality "1"]

1. e4 c5 2. Nf3 d6 3. d4 cxd4 4. Nxd4 Nf6 5. Nc3 e5 6. Bb5+ Nbd7 7. Nf5 a6 8.
Bxd7+ Qxd7 9. Bg5 Nxe4 10. Nxg7+ Bxg7 11. Nxe4 O-O 12. Qxd6 f6 13. Be3 Qg4 14.
Nc5 Bf5 15. O-O Qg6 16. c3 Rfd8 17. Qb6 Bf8 18. Rfd1 Bh3 19. Qxb7 Bxc5 20. Bxc5
e4 21. g3 Qh5 22. Re1 Qxc5 23. Qxe4 Qd5 24. Qxd5+ Rxd5 25. Re2 Rad8 26. f3 Rf5
27. Kf2 Bg4 28. Re3 Rd2+ 29. Ke1 Rxb2 30. fxg4 Rd5 31. Rf3 Re5+ 0-1

[Event "Prague"]
[Site "Prague"]
[Date "1983.??.??"]
[Round "2"]
[White "Zeitlein, Michael"]
[Black "Damjanovic, Mato"]
[Result "1-0"]
[WhiteElo "2490"]
[BlackElo "2400"]
[PlyCount "91"]
[EventDate "1983.01.??"]
[EventType "tourn"]
[EventRounds "13"]
[EventCountry "CZE"]
[EventCategory "7"]
[SourceTitle "MCD"]
[Source "ChessBase"]
[SourceDate "1999.07.01"]
[SourceVersion "1"]
[SourceVersionDate "1999.07.01"]
[SourceQuality "1"]

1. d4 Nf6 2. Nf3 e6 3. Bg5 c5 4. e3 b6 5. d5 exd5 6. Nc3 Bb7 7. Nxd5 Bxd5 8.
Bxf6 Qxf6 9. Qxd5 Nc6 10. O-O-O Rd8 11. Bb5 Be7 12. Bxc6 dxc6 13. Qe5 O-O 14.
c3 h6 15. Rxd8 Rxd8 16. Rd1 Rxd1+ 17. Kxd1 Qd6+ 18. Qxd6 Bxd6 19. c4 Kf8 20.
Nh4 Be5 21. b3 g6 22. f4 Bf6 23. Nf3 h5 24. Kd2 Ke7 25. Kd3 Bb2 26. e4 f6 27.
e5 f5 28. g3 b5 29. Kc2 Ba1 30. Kd3 Bb2 31. Ke2 Bc3 32. Kf1 Ba5 33. Ne1 Bb6 34.
Nd3 a5 35. a4 b4 36. Kg2 Ke6 37. Kf3 Ba7 38. h3 Bb6 39. g4 hxg4+ 40. hxg4 Kf7
41. Kg3 Ke6 42. Ne1 Bc7 43. Nf3 Bd8 44. Nh4 fxg4 45. Nxg6 Kf5 46. Nh8 1-0

[Event "Prague"]
[Site "Prague"]
[Date "1983.??.??"]
[Round "9"]
[White "Zeitlein, Michael"]
[Black "Pekarek, Ales"]
[Result "1-0"]
[WhiteElo "2490"]
[BlackElo "2335"]
[PlyCount "115"]
[EventDate "1983.01.??"]
[EventType "tourn"]
[EventRounds "13"]
[EventCountry "CZE"]
[EventCategory "7"]
[SourceTitle "MCD"]
[Source "ChessBase"]
[SourceDate "1999.07.01"]
[SourceVersion "1"]
[SourceVersionDate "1999.07.01"]
[SourceQuality "1"]

1. e4 d6 2. d4 Nf6 3. Nc3 g6 4. Nf3 Bg7 5. Be2 O-O 6. O-O b6 7. Re1 Bb7 8. e5
Nfd7 9. e6 fxe6 10. Ng5 Rf6 11. Nce4 Nf8 12. Nxf6+ exf6 13. Bf3 Nc6 14. Nxe6
Nxe6 15. Rxe6 Qd7 16. Re1 Rf8 17. c3 Bc8 18. Qa4 Bb7 19. Bd2 d5 20. Re2 Rf7 21.
Rae1 Bf8 22. Kh1 Kg7 23. h3 a6 24. Bf4 h5 25. g4 g5 26. Bh2 b5 27. Qc2 Ne7 28.
Re6 h4 29. Bg2 Ng6 30. f4 gxf4 31. g5 Bc8 32. Qf5 Qd8 33. Bxd5 Bd6 34. Rg1 Bxe6
35. Qxe6 Rf8 36. Be4 f5 37. Bxf5 Qe8 38. Rf1 Qxe6 39. Bxe6 Re8 40. Bg4 Re3 41.
Bg1 Re8 42. Bf2 Nh8 43. Bh5 Nf7 44. Kg2 Rf8 45. Bxf7 Rxf7 46. Kf3 Kg6 47. Rg1
Re7 48. Rg4 Re8 49. Rxh4 Kxg5 50. Rg4+ Kf5 51. h4 Rh8 52. Rg5+ Kf6 53. d5 Kf7
54. h5 Rh7 55. Bd4 a5 56. b3 Kf8 57. h6 Rd7 58. Rg7 1-0

[Event "Prague"]
[Site "Prague"]
[Date "1983.??.??"]
[Round "11"]
[White "Zeitlein, Michael"]
[Black "Neckar, Lubomir"]
[Result "1-0"]
[WhiteElo "2490"]
[BlackElo "2425"]
[PlyCount "60"]
[EventDate "1983.01.??"]
[EventType "tourn"]
[EventRounds "13"]
[EventCountry "CZE"]
[EventCategory "7"]
[SourceTitle "MCD"]
[Source "ChessBase"]
[SourceDate "1999.07.01"]
[SourceVersion "1"]
[SourceVersionDate "1999.07.01"]
[SourceQuality "1"]

1. d4 d5 2. c4 e6 3. Nc3 Be7 4. cxd5 exd5 5. Bf4 c6 6. e3 Bd6 7. Bxd6 Qxd6 8.
Bd3 Nf6 9. Qc2 Nbd7 10. Nge2 a6 11. Ng3 Nf8 12. O-O-O Ne6 13. Kb1 Qc7 14. f3
O-O 15. Na4 b6 16. Rc1 Bd7 17. Bf5 Rab8 18. Rhd1 g6 19. Bh3 Be8 20. e4 Nf4 21.
e5 Nxh3 22. gxh3 Nd7 23. Qd2 Kh8 24. Qh6 Rg8 25. Rg1 f6 26. f4 Nf8 27. Nh5 fxe5
28. dxe5 d4 29. b3 c5 30. Nb2 Bd7 $138 1-0